[Event "Golden Horseshoe op U2000"]
[Site "Mississauga CAN"]
[Date "2019.06.08"]
[Round "1.25"]
[White "Ajith, Aayush"]
[Black "Gao, Lucy"]
[Result "1-0"]
[WhiteElo "1826"]
[BlackElo "1676"]
[PlyCount "103"]
[EventDate "2019.06.08"]
[EventType "swiss"]
[EventRounds "5"]
[EventCountry "CAN"]

1. d4 Nf6 2. c4 e6 3. Nc3 Bb4 4. Qc2 b6 5. e4 Bxc3+ 6. bxc3 Bb7 7. Bd3 d6 8. f3
e5 9. Be3 Nbd7 10. Ne2 O-O 11. O-O Re8 12. Qd2 Nf8 13. Ng3 Ng6 14. Rae1 a5 15.
Qf2 Bc8 16. h3 Bb7 17. f4 exf4 18. Bxf4 Nxf4 19. Qxf4 Qd7 20. Nf5 Kh8 21. Nxg7
Rg8 22. Qxf6 Rxg7 23. Rf5 Rag8 24. Rg5 Qe6 25. Qxe6 fxe6 26. Rxg7 Rxg7 27. Rf1
Kg8 28. Rf6 Rg3 29. Rf3 Rg5 30. Kf2 Ba6 31. d5 exd5 32. cxd5 Bxd3 33. Rxd3 Kf7
34. Rf3+ Ke7 35. a4 Re5 36. Ke3 Rg5 37. g4 Rg7 38. c4 h6 39. Rf5 Rg5 40. Kf4
Rg6 41. h4 Rg7 42. h5 Rg8 43. g5 hxg5+ 44. Rxg5 Rf8+ 45. Rf5 Rh8 46. Kg5 Rg8+
47. Kh6 Rg4 48. Rg5 Rxe4 49. Kg6 Rxc4 50. h6 Rxa4 51. h7 Rh4 52. Rh5 1-0

[Event "Golden Horseshoe op U2000"]
[Site "Mississauga CAN"]
[Date "2019.06.08"]
[Round "1.26"]
[White "Hughes-Dupuy, Henry"]
[Black "Milinkovic, Mate"]
[Result "1/2-1/2"]
[WhiteElo "1674"]
[BlackElo "1810"]
[PlyCount "31"]
[EventDate "2019.06.08"]
[EventType "swiss"]
[EventRounds "5"]
[EventCountry "CAN"]

1. Nf3 Nf6 2. g3 d5 3. Bg2 c6 4. O-O Nbd7 5. d4 Ne4 6. Ng5 Nxg5 7. Bxg5 Qb6 8.
b3 Nf6 9. Nc3 h6 10. Bxf6 exf6 11. e4 dxe4 12. Nxe4 Be6 13. c4 Rd8 14. d5 cxd5
15. cxd5 Be7 16. Nc3 1/2-1/2

[Event "Golden Horseshoe op U2000"]
[Site "Mississauga CAN"]
[Date "2019.06.08"]
[Round "2"]
[White "Desikan, Ajith"]
[Black "Samokysh, Yevhen"]
[Result "0-1"]
[WhiteElo "1845"]
[BlackElo "1794"]
[PlyCount "88"]
[EventDate "2019.06.08"]
[EventType "swiss"]
[EventRounds "5"]
[EventCountry "CAN"]

1. e4 c5 2. Nf3 Nc6 3. d4 cxd4 4. Nxd4 Nf6 5. Nc3 e5 6. Ndb5 d6 7. Nd5 Nxd5 8.
exd5 Nb8 9. c4 Be7 10. Bd3 a6 11. Nc3 O-O 12. O-O f5 13. f4 e4 14. Bc2 Nd7 15.
Be3 Nf6 16. h3 Kh8 17. b4 a5 18. a3 axb4 19. axb4 Rxa1 20. Qxa1 Qc7 21. Bb3 b6
22. Nb5 Qb8 23. Nd4 Bd7 24. Ba4 b5 25. Bxb5 Bxb5 26. Nxb5 Nxd5 27. Bd4 Bf6 28.
Bxf6 Nxf6 29. Qa6 d5 30. c5 d4 31. Nxd4 Qxb4 32. Qd6 Re8 33. Nc6 Qc3 34. Ne5 e3
35. Qd3 Qxc5 36. Re1 Nd5 37. Qxf5 e2+ 38. Kh2 Qf2 39. Nf7+ Kg8 40. Nh6+ gxh6
41. Qxd5+ Kh8 42. Qd2 Re3 43. Qd4+ Kg8 44. Qd5+ Kg7 {...} 0-1

[Event "Golden Horseshoe op U2000"]
[Site "Mississauga CAN"]
[Date "2019.06.08"]
[Round "2.15"]
[White "Mendoza, Armand Jess"]
[Black "Kuehl, Scott"]
[Result "1-0"]
[WhiteElo "1954"]
[BlackElo "1771"]
[PlyCount "103"]
[EventDate "2019.06.08"]
[EventType "swiss"]
[EventRounds "5"]
[EventCountry "CAN"]

1. d4 Nf6 2. Nc3 d5 3. Bg5 h6 4. Bh4 Bf5 5. e3 Nbd7 6. Bd3 Bxd3 7. Qxd3 c6 8.
Nf3 e6 9. O-O Bd6 10. e4 dxe4 11. Nxe4 Be7 12. Bg3 Nxe4 13. Qxe4 O-O 14. h3 Nf6
15. Qd3 Qb6 16. b3 Rad8 17. Rfd1 Nd5 18. c3 Bf6 19. Be5 Bxe5 20. Nxe5 Qc7 21.
c4 Ne7 22. Qe4 Rd6 23. Rd3 f6 24. c5 Rd5 25. Nc4 Qd7 26. Re3 e5 27. dxe5 Rd4
28. Qc2 Nf5 29. Rf3 Nh4 30. Rd3 Nf5 31. Rf3 Nh4 32. Re3 Nf5 33. Re4 Qd5 34.
Rae1 Qxc5 35. exf6 Rxf6 36. Re8+ Rf8 37. R8e5 Rd5 38. Qe2 Nd4 39. Qg4 Nf5 40.
Qe2 Ng3 41. Qe3 Rxe5 42. Nxe5 Qxe3 43. Rxe3 Nf5 44. Rd3 Re8 45. f4 Re7 46. Kf2
g5 47. g3 Kg7 48. Nc4 Kf6 49. g4 Ng7 50. f5 h5 51. Rd6+ Kf7 52. f6 1-0

[Event "Golden Horseshoe op U2000"]
[Site "Mississauga CAN"]
[Date "2019.06.08"]
[Round "2.16"]
[White "Hua, Michelle"]
[Black "Baylon, Glenda"]
[Result "1/2-1/2"]
[WhiteElo "1803"]
[BlackElo "1911"]
[PlyCount "99"]
[EventDate "2019.06.08"]
[EventType "swiss"]
[EventRounds "5"]
[EventCountry "CAN"]

1. c4 Nf6 2. g3 e6 3. Bg2 d5 4. cxd5 exd5 5. Nf3 Bf5 6. O-O Bd6 7. Qb3 Nbd7 8.
Nc3 Nc5 9. Qd1 O-O 10. d3 c6 11. b3 h6 12. Bb2 Ne6 13. Qd2 Re8 14. Rad1 d4 15.
Ne4 Bxe4 16. dxe4 Nxe4 17. Qc2 Nf6 18. Nxd4 Nxd4 19. Bxd4 Qe7 20. Rfe1 Bb4 21.
Bc3 Rad8 22. Rxd8 Rxd8 23. Bxb4 Qxb4 24. Rd1 Rxd1+ 25. Qxd1 Qe7 26. Qd2 Qd7 27.
Qxd7 Nxd7 28. Kf1 Kf8 29. Ke1 Ke7 30. Kd2 Kd6 31. Bh3 Nc5 32. Bg2 Ne6 33. Ke3
b6 34. Kd3 c5 35. e3 Nc7 36. Bb7 b5 37. a3 a5 38. Kc3 Ne8 39. Bg2 Kc7 40. Bf1
Nd6 41. f3 b4+ 42. axb4 axb4+ 43. Kd2 Nf5 44. Bc4 f6 45. Bd3 Ne7 46. Bc4 Kd6
47. Ke2 g5 48. Kd2 Ke5 49. Ke2 Nc8 50. Kd2 1/2-1/2

[Event "Golden Horseshoe op U2000"]
[Site "Mississauga CAN"]
[Date "2019.06.08"]
[Round "2.17"]
[White "Orozco, Joey"]
[Black "Chakkoli, Anirud"]
[Result "1-0"]
[WhiteElo "1869"]
[BlackElo "1700"]
[PlyCount "47"]
[EventDate "2019.06.08"]
[EventType "swiss"]
[EventRounds "5"]
[EventCountry "CAN"]

1. d4 Nf6 2. Nf3 e6 3. g3 c5 4. Bg2 Nc6 5. O-O cxd4 6. Nxd4 Be7 7. c4 O-O 8.
Nc3 Re8 9. e4 d6 10. Nxc6 bxc6 11. e5 dxe5 12. Bxc6 Bd7 13. Bxa8 Qxa8 14. Qe2
Bc6 15. f3 e4 16. fxe4 Nxe4 17. Nxe4 Bxe4 18. Be3 Rd8 19. Rad1 f5 20. Rxd8+
Qxd8 21. Rd1 Qc7 22. b3 e5 23. Qd2 f4 24. Qd7 1-0

[Event "Golden Horseshoe op U2000"]
[Site "Mississauga CAN"]
[Date "2019.06.08"]
[Round "2.18"]
[White "Caloyloy, Ronnie Nino"]
[Black "McDonald, Mike"]
[Result "1/2-1/2"]
[WhiteElo "1701"]
[BlackElo "1837"]
[PlyCount "126"]
[EventDate "2019.06.08"]
[EventType "swiss"]
[EventRounds "5"]
[EventCountry "CAN"]

1. e4 c5 2. Nf3 d6 3. c3 g6 4. Be2 Bg7 5. d4 cxd4 6. cxd4 Nc6 7. O-O Bg4 8. Be3
Bxf3 9. Bxf3 Qb6 10. d5 Nd4 11. Qa4+ Qb5 12. Bd1 Kd8 13. Nc3 Qxa4 14. Bxa4 e5
15. Bxd4 exd4 16. Nb5 Ke7 17. Rac1 a6 18. Rc7+ Kd8 19. Rxf7 axb5 20. Bb3 Ne7
21. Rxg7 Ke8 22. Rc1 Kf8 23. Rxe7 Kxe7 24. Rc7+ Kf6 25. f3 Rab8 26. Kf2 h6 27.
Ke2 Rhc8 28. Rd7 Rd8 29. Rh7 h5 30. Kd3 Ke5 31. Re7+ Kf6 32. Re6+ Kf7 33. Kxd4
Rbc8 34. e5 dxe5+ 35. Rxe5 Rd6 36. Rg5 Kf6 37. h4 Rc1 38. g4 hxg4 39. fxg4 b6
40. Re5 Rh1 41. g5+ Kf7 42. Re4 Rh3 43. Ke5 Ke7 44. Kf4+ Kf7 45. Kg4 Rh2 46.
Rb4 Rxb2 47. Rxb5 Rh2 48. Rb4 Re2 49. Rf4+ Ke7 50. Kf3 Rh2 51. Re4+ Kf7 52. Kg3
Rh1 53. Ra4 Re1 54. Kf2 Re5 55. Kg3 Ke7 56. Kg4 Re1 57. Rf4 Rg1+ 58. Kh3 Rh1+
59. Kg2 Re1 60. Rf3 Re2+ 61. Kg3 Re1 62. Kf4 Rh1 63. Ke5 Re1+ 1/2-1/2

[Event "Golden Horseshoe op U2000"]
[Site "Mississauga CAN"]
[Date "2019.06.08"]
[Round "2.19"]
[White "Butt, Jeffery"]
[Black "Ajith, Aayush"]
[Result "1-0"]
[WhiteElo "1686"]
[BlackElo "1826"]
[PlyCount "93"]
[EventDate "2019.06.08"]
[EventType "swiss"]
[EventRounds "5"]
[EventCountry "CAN"]

1. e4 c5 2. Nf3 d6 3. d4 cxd4 4. Nxd4 Nf6 5. Nc3 a6 6. Be2 e5 7. Nb3 Be6 8. O-O
Be7 9. Be3 O-O 10. f4 exf4 11. Bxf4 Nc6 12. Kh1 d5 13. exd5 Nxd5 14. Nxd5 Bxd5
15. Bf3 Bxf3 16. Qxf3 Qb6 17. Rad1 Rad8 18. Qg3 Rxd1 19. Rxd1 Rd8 20. Re1 Rd7
21. Qg4 Qd8 22. c3 g6 23. h3 Rd5 24. Qe2 Bd6 25. Qe8+ Qxe8 26. Rxe8+ Kg7 27.
Bxd6 Rxd6 28. Nc5 Rd2 29. b4 Rxa2 30. Nxb7 Ra3 31. Rc8 Ne7 32. Rc5 Nf5 33. g4
Ng3+ 34. Kg2 Ne4 35. Ra5 Rxa5 36. bxa5 Nxc3 37. Nc5 Nd5 38. Kf3 Nb4 39. Ke4 Nc6
40. Nb3 Ne7 41. Ke5 h5 42. g5 Nc6+ 43. Kd6 Nxa5 44. Nxa5 f6 45. Nc4 fxg5 46.
Ke5 Kh6 47. Ke4 {time} 1-0

[Event "Golden Horseshoe op U2000"]
[Site "Mississauga CAN"]
[Date "2019.06.08"]
[Round "2.20"]
[White "Milinkovic, Mate"]
[Black "Zhang, Jonathan"]
[Result "1-0"]
[WhiteElo "1810"]
[BlackElo "1886"]
[PlyCount "109"]
[EventDate "2019.06.08"]
[EventType "swiss"]
[EventRounds "5"]
[EventCountry "CAN"]

1. Nf3 Nf6 2. g3 b6 3. Bg2 Bb7 4. O-O d6 5. d4 Nbd7 6. c4 g6 7. Nc3 Bg7 8. Re1
O-O 9. e4 e5 10. d5 h6 11. Nh4 Ne8 12. Be3 Kh7 13. Rf1 a5 14. Qe1 Ba6 15. b3 a4
16. Rc1 axb3 17. axb3 Nc5 18. Qd1 Bb7 19. b4 Nd7 20. Qb3 Nef6 21. Ra1 Qe7 22.
Rfc1 Rfb8 23. Nb5 Ne8 24. Bd2 c6 25. Nc3 Nc7 26. Rxa8 Rxa8 27. Na4 cxd5 28.
exd5 b5 29. cxb5 Nxb5 30. Be3 Qd8 31. Qd1 Nc7 32. Nb6 Ra6 33. Nc4 Nf6 34. b5
Ra8 35. Nb6 Ra5 36. Qc2 Nfxd5 37. Nxd5 Bxd5 38. Bxd5 Nxd5 39. Qc6 Ne7 40. Qb7
Ra8 41. Rc7 Bf6 42. Rd7 Qc8 43. Qxc8 Rxc8 44. b6 Rb8 45. b7 Nc6 46. Rxf7+ Bg7
47. Bb6 d5 48. Bc5 Nd8 49. Rd7 Nxb7 50. Ba7 Rd8 51. Rxb7 d4 52. Nf3 Kg8 53. Rb8
Rxb8 54. Bxb8 e4 55. Nd2 1-0

[Event "Golden Horseshoe op U2000"]
[Site "Mississauga CAN"]
[Date "2019.06.08"]
[Round "2.21"]
[White "Cater, Brendan"]
[Black "Hughes-Dupuy, Henry"]
[Result "1-0"]
[WhiteElo "1897"]
[BlackElo "1674"]
[PlyCount "169"]
[EventDate "2019.06.08"]
[EventType "swiss"]
[EventRounds "5"]
[EventCountry "CAN"]

1. d4 f5 2. Nf3 Nf6 3. e3 g6 4. c4 Bg7 5. b3 O-O 6. Bb2 d6 7. Qc2 c6 8. Nbd2
Na6 9. a3 Bd7 10. Bd3 Nh5 11. c5 Nc7 12. cxd6 exd6 13. Nc4 Qe7 14. h4 Nf4 15.
Bf1 Nce6 16. O-O-O Nh5 17. d5 cxd5 18. Rxd5 b5 19. Qd2 bxc4 20. Bxc4 Rac8 21.
Kb1 Bxb2 22. Kxb2 Nf6 23. Rd3 Ne4 24. Qe2 Qf6+ 25. Nd4 Kh8 26. Rc1 N6c5 27.
Rdd1 Rb8 28. Ka2 a5 29. f3 Ng3 30. Qf2 f4 31. e4 a4 32. b4 Ne6 33. Ne2 Nc5 34.
Nxg3 fxg3 35. Qxg3 Nb3 36. Rc2 d5 37. Bxd5 Rbc8 38. Qf2 Rc3 39. Rxc3 Qxc3 40.
Qb2 Qxb2+ 41. Kxb2 Bb5 42. Bxb3 axb3 43. Kxb3 Ra8 44. Kb2 Ba4 45. Rd5 Rc8 46.
Rd2 Kg7 47. e5 Kf7 48. f4 Ke6 49. g4 Rc4 50. Rd6+ Ke7 51. Rf6 Rc2+ 52. Kb1 Rh2
53. g5 Rxh4 54. Kb2 Rh2+ 55. Kc3 Rh3+ 56. Kd4 Rxa3 57. Ra6 Rd3+ 58. Kc4 Bc2 59.
Rf6 Rd7 60. Kc5 Be4 61. b5 Rd1 62. Kb6 Rb1 63. Kc5 Bh1 64. Ra6 Rc1+ 65. Kb6 Rc4
66. Ra7+ Ke6 67. Rxh7 Bf3 68. Rh4 Bg2 69. f5+ Kxe5 70. Rxc4 gxf5 71. Kc7 f4 72.
Rxf4 Kxf4 73. g6 Kf5 74. g7 Bd5 75. b6 Kf6 76. g8=Q Bxg8 77. b7 Kf5 78. b8=Q
Bd5 79. Kd6 Bf3 80. Qb4 Be4 81. Qd4 Kf4 82. Qf6+ Ke3 83. Ke5 Bd3 84. Qf4+ Ke2
85. Kd4 1-0

[Event "Golden Horseshoe op U2000"]
[Site "Mississauga CAN"]
[Date "2019.06.08"]
[Round "2.22"]
[White "Sharma, Vishruth"]
[Black "Lim, Levi"]
[Result "0-1"]
[WhiteElo "1790"]
[BlackElo "1973"]
[PlyCount "63"]
[EventDate "2019.06.08"]
[EventType "swiss"]
[EventRounds "5"]
[EventCountry "CAN"]

1. e4 c6 2. d4 d5 3. Nc3 dxe4 4. Nxe4 Bf5 5. Ng3 Bg6 6. Nf3 Nd7 7. h4 h6 8. h5
Bh7 9. Bd3 Bxd3 10. Qxd3 Ngf6 11. Be3 Qa5+ 12. Bd2 Qc7 13. O-O-O e6 14. Rde1
O-O-O 15. Ne4 Nxe4 16. Rxe4 Nc5 17. Qe2 Nxe4 18. Qxe4 c5 19. g4 Bd6 20. Rh3 Qc6
21. Qe2 cxd4 22. Nxd4 Qa4 23. Nb3 Bf4 24. Rc3+ Kb8 25. Qf3 Bxd2+ 26. Nxd2 Qd4
27. Nc4 Rd5 28. b4 f5 29. gxf5 Rxf5 30. Qh3 Rc8 31. Kb1 Rxc4 32. Qg3+ 0-1

[Event "Golden Horseshoe op U2000"]
[Site "Mississauga CAN"]
[Date "2019.06.08"]
[Round "2.23"]
[White "Locham, Divjot"]
[Black "Momic, Jovan"]
[Result "1/2-1/2"]
[WhiteElo "1694"]
[BlackElo "1861"]
[PlyCount "69"]
[EventDate "2019.06.08"]
[EventType "swiss"]
[EventRounds "5"]
[EventCountry "CAN"]

1. e4 e6 2. d4 d5 3. Nd2 c5 4. c3 Qb6 5. Ne2 Bd7 6. exd5 exd5 7. g3 Nf6 8. Bg2
Bd6 9. O-O Nc6 10. dxc5 Bxc5 11. Nb3 Ne7 12. Nxc5 Qxc5 13. Be3 Qb5 14. Qc2 Bf5
15. Qd2 Be4 16. f3 Bg6 17. Rfe1 O-O 18. Nd4 Qc4 19. Bf1 Qc7 20. Bf4 Qd7 21. Nb5
a6 22. Nd4 h6 23. Re2 Rfe8 24. Rae1 Nc6 25. Nb3 Rxe2 26. Rxe2 b6 27. Bg2 Rd8
28. Nd4 Nxd4 29. Qxd4 Qb5 30. Rd2 Re8 31. Be3 Rb8 32. Bf1 Qa5 33. a3 Bh7 34.
Bf4 Re8 35. Be3 1/2-1/2

[Event "Golden Horseshoe op U2000"]
[Site "Mississauga CAN"]
[Date "2019.06.08"]
[Round "2.25"]
[White "Joseph Benher, Savio"]
[Black "Wu, Benjamin"]
[Result "1-0"]
[WhiteElo "1830"]
[BlackElo "1713"]
[PlyCount "65"]
[EventDate "2019.06.08"]
[EventType "swiss"]
[EventRounds "5"]
[EventCountry "CAN"]

1. e4 c5 2. Nf3 e6 3. d4 cxd4 4. Nxd4 Nf6 5. Bd3 Nc6 6. Nxc6 bxc6 7. O-O d5 8.
Nc3 Be7 9. Qe2 O-O 10. Bd2 c5 11. e5 Nd7 12. b3 Qc7 13. Rae1 Bb7 14. f4 a6 15.
f5 exf5 16. Rxf5 d4 17. Na4 Qc6 18. e6 fxe6 19. Qxe6+ Qxe6 20. Rxe6 Rxf5 21.
Rxe7 Rff8 22. Rxd7 Bc6 23. Rc7 Bxa4 24. bxa4 Rab8 25. h3 Rfc8 26. Rxc8+ Rxc8
27. Bxa6 Rc7 28. Bc4+ Kf8 29. a5 Ke7 30. a6 Ra7 31. Bf4 Kd7 32. Bb8 Ra8 33. a7
1-0

[Event "Golden Horseshoe op U2000"]
[Site "Mississauga CAN"]
[Date "2019.06.08"]
[Round "3.15"]
[White "Orozco, Joey"]
[Black "Mendoza, Armand Jess"]
[Result "1/2-1/2"]
[WhiteElo "1869"]
[BlackElo "1954"]
[PlyCount "48"]
[EventDate "2019.06.08"]
[EventType "swiss"]
[EventRounds "5"]
[EventCountry "CAN"]

1. e4 Nc6 2. d4 e5 3. dxe5 Nxe5 4. f4 Nc6 5. Be3 Bb4+ 6. c3 Ba5 7. Bd3 Bb6 8.
Qe2 Qe7 9. Nd2 d6 10. Ngf3 Bxe3 11. Qxe3 Bd7 12. O-O-O O-O-O 13. Rhe1 Kb8 14.
Kb1 Nh6 15. h3 f6 16. Nb3 Qf7 17. Nbd4 Rhe8 18. g4 f5 19. g5 fxe4 20. Bxe4 Nf5
21. Nxf5 Bxf5 22. Qd3 Bxe4 23. Rxe4 Rxe4 24. Qxe4 Re8 1/2-1/2

[Event "Golden Horseshoe op U2000"]
[Site "Mississauga CAN"]
[Date "2019.06.08"]
[Round "3.16"]
[White "Baylon, Glenda"]
[Black "Butt, Jeffery"]
[Result "0-1"]
[WhiteElo "1911"]
[BlackElo "1686"]
[PlyCount "64"]
[EventDate "2019.06.08"]
[EventType "swiss"]
[EventRounds "5"]
[EventCountry "CAN"]

1. d4 d5 2. c4 e6 3. Nf3 Nf6 4. Nc3 c6 5. e3 Bd6 6. cxd5 exd5 7. Bd3 O-O 8. h3
Re8 9. O-O Ne4 10. Qc2 f5 11. Bxe4 fxe4 12. Nh2 Qg5 13. f4 Qg6 14. Kh1 b6 15.
Qf2 Nd7 16. Bd2 Nf6 17. Rac1 Ba6 18. Rg1 c5 19. Ne2 Bxe2 20. Qxe2 cxd4 21. g4
d3 22. Qf2 d4 23. f5 Qf7 24. exd4 e3 25. Bxe3 Qd5+ 26. Nf3 Ne4 27. Qh4 Nd2 28.
Bxd2 Qxf3+ 29. Rg2 Re2 30. Rcg1 Rxd2 31. f6 Rxg2 32. Rxg2 d2 0-1

[Event "Golden Horseshoe op U2000"]
[Site "Mississauga CAN"]
[Date "2019.06.08"]
[Round "3.17"]
[White "McDonald, Mike"]
[Black "Hua, Michelle"]
[Result "1-0"]
[WhiteElo "1837"]
[BlackElo "1803"]
[PlyCount "51"]
[EventDate "2019.06.08"]
[EventType "swiss"]
[EventRounds "5"]
[EventCountry "CAN"]

1. e4 c5 2. Nf3 d6 3. d4 cxd4 4. Nxd4 Nf6 5. Nc3 g6 6. Be3 Bg7 7. f3 O-O 8. Qd2
Nc6 9. Bc4 Bd7 10. O-O-O Ne5 11. Bb3 Qa5 12. Kb1 Rfc8 13. g4 Nc4 14. Bxc4 Rxc4
15. h4 Rac8 16. Nb3 Qc7 17. h5 b5 18. Bh6 Bh8 19. hxg6 hxg6 20. Bf8 Rxf8 21.
Rxh8+ Kxh8 22. Qh6+ Kg8 23. Rh1 Nh5 24. gxh5 g5 25. Qxg5+ Kh7 26. Rg1 1-0

[Event "Golden Horseshoe op U2000"]
[Site "Mississauga CAN"]
[Date "2019.06.08"]
[Round "3.18"]
[White "Caloyloy, Ronnie Nino"]
[Black "Milinkovic, Mate"]
[Result "1-0"]
[WhiteElo "1701"]
[BlackElo "1810"]
[PlyCount "51"]
[EventDate "2019.06.08"]
[EventType "swiss"]
[EventRounds "5"]
[EventCountry "CAN"]

1. e4 c5 2. Nf3 g6 3. c3 Bg7 4. d4 cxd4 5. cxd4 d5 6. e5 Nh6 7. Bb5+ Bd7 8.
Bxd7+ Qxd7 9. O-O O-O 10. Nc3 Nc6 11. Bf4 Kh8 12. Qd2 Ng8 13. Rfe1 e6 14. a3
Rac8 15. b4 f6 16. b5 Na5 17. exf6 Nxf6 18. Ne5 Qe8 19. Qd3 Ne4 20. Nxe4 Rxf4
21. Nd6 Qf8 22. Nxc8 Qxc8 23. Rac1 Qd8 24. Qh3 Bxe5 25. Rxe5 Nc4 26. Qxe6 1-0

[Event "Golden Horseshoe op U2000"]
[Site "Mississauga CAN"]
[Date "2019.06.08"]
[Round "3.19"]
[White "Lim, Levi"]
[Black "Kuehl, Scott"]
[Result "1-0"]
[WhiteElo "1973"]
[BlackElo "1771"]
[PlyCount "57"]
[EventDate "2019.06.08"]
[EventType "swiss"]
[EventRounds "5"]
[EventCountry "CAN"]

1. e4 Nf6 2. Nc3 e5 3. Nf3 Nc6 4. Bb5 d6 5. h3 Bd7 6. d4 exd4 7. Nxd4 Nxd4 8.
Bxd7+ Qxd7 9. Qxd4 Be7 10. Bg5 h6 11. Be3 O-O 12. O-O Rfe8 13. Rfe1 Bf8 14. a4
a6 15. Rad1 Qc6 16. Bxh6 gxh6 17. Qxf6 Bg7 18. Qf4 Re6 19. Nd5 Rae8 20. Rd3
Qxc2 21. Rg3 Qxb2 22. Rf3 c6 23. Qxf7+ Kh8 24. Nf4 Rxe4 25. Rxe4 Qb1+ 26. Kh2
Qxe4 27. Rg3 Rg8 28. Ng6+ Kh7 29. Ne7 1-0

[Event "Golden Horseshoe op U2000"]
[Site "Mississauga CAN"]
[Date "2019.06.08"]
[Round "3.20"]
[White "Chen, Richard"]
[Black "Cater, Brendan"]
[Result "1/2-1/2"]
[WhiteElo "1759"]
[BlackElo "1897"]
[PlyCount "89"]
[EventDate "2019.06.08"]
[EventType "swiss"]
[EventRounds "5"]
[EventCountry "CAN"]

1. d4 d5 2. c4 c6 3. Nc3 Nf6 4. Nf3 e6 5. e3 Bd6 6. Bd3 Qe7 7. c5 Bc7 8. Bd2
Nbd7 9. b4 e5 10. dxe5 Nxe5 11. Nxe5 Qxe5 12. f4 Qe7 13. O-O Bg4 14. Be2 Bxe2
15. Qxe2 a6 16. Rfe1 Ne4 17. Nxe4 Qxe4 18. Bc3 O-O 19. Qg4 f6 20. Bd4 Rf7 21.
a4 f5 22. Qf3 Re7 23. Qxe4 fxe4 24. Reb1 Bd8 25. Ra2 Rd7 26. Kf2 Kf7 27. Rab2
Bf6 28. Rb3 Bxd4 29. exd4 Re8 30. Ke3 Rc7 31. b5 axb5 32. axb5 Ra8 33. bxc6
bxc6 34. Rb8 Ra3+ 35. R1b3 Rxb3+ 36. Rxb3 Ra7 37. Rb6 Rc7 38. Ra6 h5 39. h3 Kg6
40. g4 hxg4 41. hxg4 Kf6 42. Kd2 g6 43. Kc3 Ke6 44. Ra8 Kf6 45. Ra6 1/2-1/2

[Event "Golden Horseshoe op U2000"]
[Site "Mississauga CAN"]
[Date "2019.06.08"]
[Round "3.21"]
[White "Chakkoli, Anirud"]
[Black "Joseph Benher, Savio"]
[Result "0-1"]
[WhiteElo "1700"]
[BlackElo "1830"]
[PlyCount "93"]
[EventDate "2019.06.08"]
[EventType "swiss"]
[EventRounds "5"]
[EventCountry "CAN"]

1. e4 e6 2. d4 d5 3. Nc3 Bb4 4. e5 b6 5. Bb5+ c6 6. Bd3 Ba6 7. Qg4 Bf8 8. Bxa6
Nxa6 9. a3 Ne7 10. h4 h5 11. Qe2 Nb8 12. Bg5 Qd7 13. Nh3 Nf5 14. O-O-O c5 15.
dxc5 bxc5 16. Nf4 Nd4 17. Qe3 Nbc6 18. Nce2 Nf5 19. Qc3 d4 20. Qf3 Rc8 21. Nxh5
Nxe5 22. Qe4 Rxh5 23. Qxe5 f6 24. Qe4 fxg5 25. g4 Rxh4 26. f4 Rxh1 27. Rxh1 Nd6
28. Qg6+ Qf7 29. Qxg5 Be7 30. Qe5 Kd7 31. g5 Nc4 32. Qe4 Rb8 33. Nxd4 cxd4 34.
Qxd4+ Nd6 35. Qxa7+ Rb7 36. Qa4+ Kc7 37. Qa5+ Kb8 38. Rh8+ Nc8 39. Qe5+ Rc7 40.
Qb5+ Ka7 41. Qa5+ Kb7 42. Rxc8 Kxc8 43. Qa8+ Kd7 44. Qa4+ Kd8 45. Qa8+ Rc8 46.
Qa5+ Ke8 47. Qa6 0-1

[Event "Golden Horseshoe op U2000"]
[Site "Mississauga CAN"]
[Date "2019.06.08"]
[Round "3.22"]
[White "Gao, Lucy"]
[Black "Samokysh, Yevhen"]
[Result "0-1"]
[WhiteElo "1676"]
[BlackElo "1794"]
[PlyCount "112"]
[EventDate "2019.06.08"]
[EventType "swiss"]
[EventRounds "5"]
[EventCountry "CAN"]

1. e4 c5 2. Nf3 Nc6 3. Bb5 g6 4. O-O Bg7 5. c3 e5 6. Qe2 Nge7 7. Rd1 O-O 8. d3
Qc7 9. Be3 d6 10. d4 b6 11. dxc5 dxc5 12. Nbd2 Bb7 13. Nc4 Rad8 14. a3 a6 15.
Bxc6 Bxc6 16. Qc2 b5 17. Ncd2 c4 18. a4 Ra8 19. a5 Qb7 20. Bc5 Rfd8 21. Re1 h6
22. b3 cxb3 23. Nxb3 Nc8 24. Nfd2 Bf8 25. Bxf8 Kxf8 26. Nc5 Qe7 27. Ndb3 Nd6
28. Rad1 Qg5 29. f3 Nc4 30. Qc1 Rxd1 31. Qxd1 Rd8 32. Qc1 Nd2 33. Nxd2 Rxd2 34.
g3 Ra2 35. Qxg5 hxg5 36. Nxa6 Rxa5 37. Nb4 Bb7 38. Nd3 f6 39. Nc5 Bc8 40. Rd1
Ke7 41. Rb1 Kd6 42. Nb3 Ra3 43. Rd1+ Kc7 44. Rb1 Kc6 45. Kf2 Be6 46. Nd2 Rxc3
47. Ra1 Kb6 48. Ra8 Rc8 49. Ra3 b4 50. Rd3 Rc6 51. Ke2 Kb5 52. Ke3 Ka4 53. Nb1
Ba2 54. Nd2 b3 55. Nf1 b2 56. Rd1 Rc1 0-1

[Event "Golden Horseshoe op U2000"]
[Site "Mississauga CAN"]
[Date "2019.06.08"]
[Round "3.23"]
[White "Hughes-Dupuy, Henry"]
[Black "Locham, Divjot"]
[Result "1-0"]
[WhiteElo "1674"]
[BlackElo "1694"]
[PlyCount "103"]
[EventDate "2019.06.08"]
[EventType "swiss"]
[EventRounds "5"]
[EventCountry "CAN"]

1. Nf3 Nc6 2. d4 d5 3. g3 Nf6 4. Bg2 e6 5. O-O Bd6 6. c3 Bd7 7. Bg5 h6 8. Bxf6
Qxf6 9. Nbd2 g5 10. e4 dxe4 11. Nxe4 Qg7 12. d5 exd5 13. Nxd6+ cxd6 14. Qxd5
O-O-O 15. Nd4 Qf8 16. b4 Rg8 17. Nb5 Be6 18. Nxa7+ Kc7 19. Qb5 d5 20. Nxc6 bxc6
21. Qa5+ Kd7 22. Qa7+ Ke8 23. c4 Qxb4 24. cxd5 cxd5 25. Rab1 Qe7 26. Rb7 Rd7
27. Rfb1 Qd6 28. Rxd7 Bxd7 29. Qa8+ Ke7 30. Qxg8 Qa3 31. Bxd5 Be6 32. Bxe6 Kxe6
33. Qb8 Qxa2 34. Qb3+ Qxb3 35. Rxb3 Kf5 36. Kg2 h5 37. h4 gxh4 38. gxh4 Kg4 39.
Rb4+ Kf5 40. Kf3 f6 41. Rb5+ Kg6 42. Kf4 Kh6 43. Kf5 Kg7 44. f4 Kf7 45. Rb7+
Ke8 46. Kxf6 Kd8 47. Ke6 Kc8 48. Rh7 Kd8 49. Kd6 Kc8 50. Kc6 Kb8 51. Kb6 Ka8
52. Rh8# 1-0

[Event "Golden Horseshoe op U2000"]
[Site "Mississauga CAN"]
[Date "2019.06.08"]
[Round "3.24"]
[White "Zhang, Jonathan"]
[Black "Sharma, Vishruth"]
[Result "0-1"]
[WhiteElo "1886"]
[BlackElo "1790"]
[PlyCount "76"]
[EventDate "2019.06.08"]
[EventType "swiss"]
[EventRounds "5"]
[EventCountry "CAN"]

1. e4 e5 2. Nf3 Nc6 3. Bb5 a6 4. Ba4 d6 5. h3 h5 6. d3 Be7 7. c4 Nf6 8. Nc3 Be6
9. Be3 O-O 10. O-O g6 11. Qd2 Re8 12. a3 a5 13. Ng5 Bd7 14. f4 exf4 15. Bxf4
Nd4 16. Qf2 Ne6 17. Nxe6 fxe6 18. Bxd7 Qxd7 19. Qg3 Kg7 20. e5 Nh7 21. exd6
cxd6 22. Ne4 e5 23. Bxe5+ dxe5 24. Qxe5+ Kg8 25. Qg3 Qd4+ 26. Kh1 Qg7 27. Rf2
Rf8 28. Raf1 Rxf2 29. Rxf2 Nf6 30. Ng5 Bc5 31. Re2 Re8 32. Rxe8+ Nxe8 33. Ne6
Qe7 34. Qxg6+ Ng7 35. Nxg7 Qe1+ 36. Kh2 Bg1+ 37. Kh1 Bf2+ 38. Kh2 Qg1# 0-1

[Event "Golden Horseshoe op U2000"]
[Site "Mississauga CAN"]
[Date "2019.06.09"]
[Round "4.15"]
[White "Mendoza, Armand Jess"]
[Black "Butt, Jeffery"]
[Result "0-1"]
[WhiteElo "1954"]
[BlackElo "1686"]
[PlyCount "110"]
[EventDate "2019.06.08"]
[EventType "swiss"]
[EventRounds "5"]
[EventCountry "CAN"]

1. d4 d5 2. Nc3 Nf6 3. Bg5 e6 4. e3 c5 5. Bb5+ Bd7 6. a4 a6 7. Bxd7+ Nbxd7 8.
Nf3 Be7 9. O-O O-O 10. h3 Rc8 11. Bf4 Qb6 12. Ra2 Rfd8 13. Ne5 cxd4 14. exd4
Ne4 15. Nxe4 dxe4 16. Nxd7 Rxd7 17. c3 Bd6 18. Be3 Qc6 19. Ra1 f5 20. Qd2 Qc7
21. f4 Qc4 22. Rf2 b5 23. axb5 axb5 24. Qe2 Qb3 25. Qc2 Qd5 26. Qb1 b4 27. cxb4
Bxb4 28. Rc2 Rdc7 29. Rxc7 Rxc7 30. Ra4 Qb3 31. Ra8+ Kf7 32. Bf2 e3 33. Be1 e2
34. Ra1 Qe3+ 35. Kh1 Bd6 36. d5 Qxf4 37. dxe6+ Kxe6 38. g3 Qf3+ 39. Kh2 h5 40.
Qa2+ Ke7 41. Qg8 Kf6 42. Qd8+ Ke6 43. Qg8+ Rf7 44. Qe8+ Kf6 45. Qd8+ Ke6 46.
Qe8+ Kf6 47. Ra6 Qd3 48. Bc3+ Kg6 49. Qe6+ Rf6 50. Qe8+ Kh7 51. Qxh5+ Rh6 52.
Rxd6 Qxd6 53. Qxf5+ Qg6 54. Qxg6+ Rxg6 55. Kg2 Rf6 0-1